logo

Bir Sreshtho Munshi Abdur Rouf Library
Jhenaidah Cadet College

গোবিন্দচন্দ্র দেব রচনাবলী / (Record no. 6930)

MARC details
000 -LEADER
fixed length control field 00767nam a2200217 a 4500
001 - CONTROL NUMBER
JCCL Control Number 6930
003 - CONTROL NUMBER IDENTIFIER
JCCL marc code BD-JhCC
005 - DATE AND TIME OF LATEST TRANSACTION
control field 20180201115802.0
008 - FIXED-LENGTH DATA ELEMENTS--GENERAL INFORMATION
fixed length control field 170930s1979 bg |||| ||a| 000 0 ben d
035 ## - SYSTEM CONTROL NUMBER
system control number (BD-JhCC)6930
040 ## - CATALOGING SOURCE
Original cataloging agency BD-JhCC
Modifying agency BD-JhCC
041 ## - LANGUAGE CODE
Language code of Book ben
082 ## - DEWEY DECIMAL CLASSIFICATION NUMBER
Classification number 891.4409
Author mark and Year DEV 1979
100 ## - MAIN ENTRY--PERSONAL NAME
Personal name দেব, গোবিন্দচন্দ্র
245 ## - TITLE STATEMENT
Title গোবিন্দচন্দ্র দেব রচনাবলী /
Statement of responsibility, etc গোবিন্দচন্দ্র দেব; হাসান আজিজুল হক (সম্পা)
260 ## - PUBLICATION, DISTRIBUTION, ETC. (IMPRINT)
Place of publication, distribution, etc ঢাকা :
Name of publisher, distributor, etc বাংলা একাডেমী ;
Date of publication, distribution, etc 1979.
300 ## - PHYSICAL DESCRIPTION
Pagination 377 p. :
Dimensions 24 cm.
650 ## - SUBJECT ADDED ENTRY--TOPICAL TERM
Topical term or geographic name as entry element Collection of Works
942 ## - ADDED ENTRY ELEMENTS (KOHA)
Source of classification or shelving scheme Dewey Decimal Classification
Koha item type Books
Holdings
Source of classification or shelving scheme volume number Damaged status Not for loan Home library Current library Shelving location Date of accession Cost, normal purchase price Total Checkouts Full call number Barcode Date last seen Copy number Koha item type
Dewey Decimal Classification V-3     JCC Rouf Library JCC Rouf Library General Stacks 02/01/2018 45.00   891.4409 DEV 1979 9435 02/01/2018 C-1 Books

JCC Library | Contacts | JCC Home

Last Update on 23 September 2017
Copyright @ 2017-2020 JCC Rouf Library
Rouf Library, Jhenidah Cadet College (JCC), Bangladesh